<?xml version="1.0" encoding="UTF-8"?><?xml-stylesheet type="text/xsl" href="static/style.xsl"?><OAI-PMH xmlns="http://www.openarchives.org/OAI/2.0/" xmlns:xsi="http://www.w3.org/2001/XMLSchema-instance" xsi:schemaLocation="http://www.openarchives.org/OAI/2.0/ http://www.openarchives.org/OAI/2.0/OAI-PMH.xsd"><responseDate>2026-06-29T16:40:15Z</responseDate><request verb="GetRecord" identifier="oai:docta.ucm.es:20.500.14352/118537" metadataPrefix="marc">https://docta.ucm.es/rest/oai/request</request><GetRecord><record><header><identifier>oai:docta.ucm.es:20.500.14352/118537</identifier><datestamp>2025-03-06T01:11:43Z</datestamp><setSpec>com_20.500.14352_14</setSpec><setSpec>col_20.500.14352_15</setSpec></header><metadata><record xmlns="http://www.loc.gov/MARC21/slim" xmlns:dcterms="http://purl.org/dc/terms/" xmlns:xsi="http://www.w3.org/2001/XMLSchema-instance" xmlns:doc="http://www.lyncode.com/xoai" xsi:schemaLocation="http://www.loc.gov/MARC21/slim http://www.loc.gov/standards/marcxml/schema/MARC21slim.xsd">
   <leader>00925njm 22002777a 4500</leader>
   <datafield ind2=" " ind1=" " tag="042">
      <subfield code="a">dc</subfield>
   </datafield>
   <datafield ind2=" " ind1=" " tag="720">
      <subfield code="a">Illuminati, Angela</subfield>
      <subfield code="e">author</subfield>
   </datafield>
   <datafield ind2=" " ind1=" " tag="720">
      <subfield code="a">Matesanz, Silvia</subfield>
      <subfield code="e">author</subfield>
   </datafield>
   <datafield ind2=" " ind1=" " tag="720">
      <subfield code="a">Pías Couso, María Beatriz</subfield>
      <subfield code="e">author</subfield>
   </datafield>
   <datafield ind2=" " ind1=" " tag="720">
      <subfield code="a">Sánchez, Ana M.</subfield>
      <subfield code="e">author</subfield>
   </datafield>
   <datafield ind2=" " ind1=" " tag="720">
      <subfield code="a">De la Cruz, Marcelino</subfield>
      <subfield code="e">author</subfield>
   </datafield>
   <datafield ind2=" " ind1=" " tag="720">
      <subfield code="a">Ramos Muñoz, Marina</subfield>
      <subfield code="e">author</subfield>
   </datafield>
   <datafield ind2=" " ind1=" " tag="720">
      <subfield code="a">López Angulo, Jesús</subfield>
      <subfield code="e">author</subfield>
   </datafield>
   <datafield ind2=" " ind1=" " tag="720">
      <subfield code="a">Sánchez Pescador, David</subfield>
      <subfield code="e">author</subfield>
   </datafield>
   <datafield ind2=" " ind1=" " tag="720">
      <subfield code="a">Escudero, Adrián</subfield>
      <subfield code="e">author</subfield>
   </datafield>
   <datafield ind2=" " ind1=" " tag="260">
      <subfield code="c">2025-01</subfield>
   </datafield>
   <datafield ind2=" " ind1=" " tag="520">
      <subfield code="a">Despite decades of research, a comprehensive understanding of trait coordination at the whole-plant level remains elusive. Furthermore, while the link between above-ground growth rates and leaf traits related to nutrient use is well established, much less is known about the below-ground compartment. Herbs and woody species exhibit distinct above-ground growth and nutrient-use strategies, but whether these differences extend to root traits below-ground remains unclear.
We carried out a common garden experiment with 23 perennials (7 herbs and 16 woody species) coexisting in a Mediterranean shrubland and measured 17 above-ground and below-ground traits related to growth, nutrient use and size. We analysed the links between growth rate and nutrient use focusing especially on roots and considering potential differences between herbs and woody species. We also combined plant size data from experimental juveniles and field-sampled adults to determine the effects of life stage on whole-plant phenotypic integration.
We found a significant relationship between growth rates (both above-ground and below-ground) and root nutrient-use strategies. Root diameter was negatively associated to growth rate only in herbs. Specific root area and root tissue density were positively and negatively correlated with growth rate, respectively, in both herbs and woody species. Moreover, we found significant differences in roots traits between herbs and woody species. Plant growth rate and root nutrient-use strategies were both positively associated to plant size (height and above-ground diameter) in juveniles, while a negative relationship was observed in adults.
Our work provides insights on the links between whole-plant growth rate and nutrient-use strategies in species from a dry Mediterranan shrubland. Specifically, we show that whole-plant growth rate is strongly associated to root traits, with more acquisitive root nutrient-use strategies related to faster growth rates, which in turn translated to greater plant size in juveniles but smaller in adults. Our results also highlight root functional differences and contrasting patterns of whole-plant phenotypic integration between herbs and woody species, offering deeper insights into species coexistence in species-rich dry Mediterranean</subfield>
   </datafield>
   <datafield ind1="8" ind2=" " tag="024">
      <subfield code="a">Illuminati A, Matesanz S, Pías B, Sánchez AM, De La Cruz M, Ramos‐Muñoz M, López‐Angulo J, Pescador DS, Escudero A. Functional differences between herbs and woody species in a semiarid Mediterranean plant community: A whole‐plant perspective on growth, nutrient‐use and size. Functional Ecology 2025;39:38–50. https://doi.org/10.1111/1365-2435.14682.</subfield>
   </datafield>
   <datafield ind1="8" ind2=" " tag="024">
      <subfield code="a">0269-8463</subfield>
   </datafield>
   <datafield ind1="8" ind2=" " tag="024">
      <subfield code="a">10.1111/1365-2435.14682</subfield>
   </datafield>
   <datafield ind1="8" ind2=" " tag="024">
      <subfield code="a">https://hdl.handle.net/20.500.14352/118537</subfield>
   </datafield>
   <datafield ind1="8" ind2=" " tag="024">
      <subfield code="a">1365-2435</subfield>
   </datafield>
   <datafield ind1="8" ind2=" " tag="024">
      <subfield code="a">https://doi.org/10.1111/1365-2435.14682</subfield>
   </datafield>
   <datafield ind1="8" ind2=" " tag="024">
      <subfield code="a">https://besjournals.onlinelibrary.wiley.com/doi/10.1111/1365-2435.14682</subfield>
   </datafield>
   <datafield ind2="0" ind1="0" tag="245">
      <subfield code="a">Functional differences between herbs and woody species in a semiarid Mediterranean plant community: A whole‐plant perspective on growth, nutrient‐use and size</subfield>
   </datafield>
</record></metadata></record></GetRecord></OAI-PMH>